<?xml version="1.0" encoding="UTF-8"?>
<collection xmlns="http://www.loc.gov/MARC21/slim">
 <record>
  <leader>01518nam a2200217Ia 4500</leader>
  <controlfield tag="001">TDMU_19205</controlfield>
  <controlfield tag="008">210410s9999    xx            000 0 und d</controlfield>
  <datafield tag="082" ind1=" " ind2=" ">
   <subfield code="a">340.509597</subfield>
  </datafield>
  <datafield tag="090" ind1=" " ind2=" ">
   <subfield code="b">NG527</subfield>
  </datafield>
  <datafield tag="100" ind1=" " ind2=" ">
   <subfield code="a">Nguyễn, Thị Thương Huyền</subfield>
  </datafield>
  <datafield tag="245" ind1=" " ind2="0">
   <subfield code="a">Giáo trình Lịch sử Nhà nước và pháp luật Việt Nam</subfield>
  </datafield>
  <datafield tag="245" ind1=" " ind2="0">
   <subfield code="c">Nguyễn Thị Thương Huyền (ch.b) và [nh.ng. khác]</subfield>
  </datafield>
  <datafield tag="260" ind1=" " ind2=" ">
   <subfield code="a">H.</subfield>
  </datafield>
  <datafield tag="260" ind1=" " ind2=" ">
   <subfield code="b">Nxb. Hồng Đức - Hội Luật gia Việt Nam</subfield>
  </datafield>
  <datafield tag="260" ind1=" " ind2=" ">
   <subfield code="c">2013</subfield>
  </datafield>
  <datafield tag="300" ind1=" " ind2=" ">
   <subfield code="a">501tr</subfield>
  </datafield>
  <datafield tag="520" ind1=" " ind2=" ">
   <subfield code="a">Nghiên cứu về nhà nước và pháp luật Việt Nam từ thời Hùng Vương với sự ra đời của nhà nước Văn Lang - Âu Lạc đến nhà nước và pháp luật Việt Nam trong giai đoạn Bắc thuộc và chống Bắc thuộc; nhà nước Việt Nam dưới thời phong kiến từ thời nhà Ngô cho đến thời nhà Nguyễn; nhà nước và pháp luật thời kỳ Pháp thuộc ở nước ta.; LS004; LS074</subfield>
   <subfield code="d">Lịch sử Nhà nước và Pháp luật thế giới</subfield>
  </datafield>
  <datafield tag="650" ind1=" " ind2=" ">
   <subfield code="a">Nhà nước</subfield>
   <subfield code="x">Lịch sử</subfield>
   <subfield code="z">Việt Nam</subfield>
   <subfield code="v">Giáo trình ; Pháp luật</subfield>
   <subfield code="x">Lịch sử</subfield>
   <subfield code="z">Việt Nam</subfield>
   <subfield code="v">Giáo trình  </subfield>
  </datafield>
  <datafield tag="700" ind1=" " ind2=" ">
   <subfield code="a">Dương, Hồng Thị Phi Phi</subfield>
  </datafield>
  <datafield tag="856" ind1=" " ind2=" ">
   <subfield code="u">http://lrc.tdmu.edu.vn/opac/search/detail.asp?aID=2&amp;ID=19205</subfield>
  </datafield>
  <datafield tag="980" ind1=" " ind2=" ">
   <subfield code="a">Trung tâm Học liệu Trường Đại học Thủ Dầu Một</subfield>
  </datafield>
 </record>
</collection>
